Detalles MARC
| 000 -LEADER |
| fixed length control field |
02625nam a2200469 a 4500 |
| 001 - CONTROL NUMBER |
| control field |
000013291 |
| 003 - CONTROL NUMBER IDENTIFIER |
| control field |
DO-SdBNP |
| 005 - DATE AND TIME OF LATEST TRANSACTION |
| control field |
20180313123824.0 |
| 007 - PHYSICAL DESCRIPTION FIXED FIELD--GENERAL INFORMATION |
| fixed length control field |
000013291 |
| 008 - FIXED-LENGTH DATA ELEMENTS--GENERAL INFORMATION |
| fixed length control field |
091123s 2001 dr abc 000 0 spa d |
| 020 ## - INTERNATIONAL STANDARD BOOK NUMBER |
| International Standard Book Number |
8482613502 |
| 020 ## - INTERNATIONAL STANDARD BOOK NUMBER |
| International Standard Book Number |
8482613545 |
| 040 ## - CATALOGING SOURCE |
| Original cataloging agency |
BPMSU |
| Language of cataloging |
spa |
| Transcribing agency |
BPMSU |
| 082 04 - DEWEY DECIMAL CLASSIFICATION NUMBER |
| Classification number |
373.6561 |
| Item number |
G216L 1ro. 2001 |
| 100 1# - MAIN ENTRY--PERSONAL NAME |
| Personal name |
García Cartagena, Manuel |
| 245 10 - TITLE STATEMENT |
| Title |
Lengua y literatura 1 : |
| Remainder of title |
educación media / |
| Statement of responsibility, etc. |
Manuel García Cartagena, Manuel ; dirección editorial Obdulia García de Escobar ; ilustración Ruddy Núñez. |
| 260 ## - PUBLICATION, DISTRIBUTION, ETC. (IMPRINT) |
| Place of publication, distribution, etc. |
Santo Domingo : |
| Name of publisher, distributor, etc. |
Santillana, |
| Date of publication, distribution, etc. |
2001. |
| 300 ## - PHYSICAL DESCRIPTION |
| Extent |
279 p. : |
| Other physical details |
il., mapas., retrs. ; |
| Dimensions |
28 cm. |
| 490 1# - SERIES STATEMENT |
| Series statement |
Umbral |
| 500 ## - GENERAL NOTE |
| General note |
Primero de bachillerato. 1er. curso/ Primer ciclo |
| 500 ## - GENERAL NOTE |
| General note |
La biblioteca posee el libro para el profesor |
| 505 1# - FORMATTED CONTENTS NOTE |
| Title |
Procedimientos y prácticas de producción textual -- |
| -- |
Análisis y estudio de la comunicación -- |
| -- |
Estudio de la lengua -- |
| -- |
Literatura dominicana (siglo XVI-XIX) conectada con literatura española (siglos XIII-XIX). |
| 505 1# - FORMATTED CONTENTS NOTE |
| Title |
La mecánica narrativa -- |
| -- |
La mecánica expositiva -- |
| -- |
Cuenta con tus amigos y amigas -- |
| -- |
Nuestro universo americano -- |
| -- |
Nuestro tesoro: la salud -- |
| -- |
Proyecto 1.<br/>Tras los pasos de Don Quijote -- |
| -- |
Mecánica argumentativa -- |
| -- |
La mecánica prescriptiva -- |
| -- |
El valor de la vida -- |
| -- |
La alegría del trabajo -- |
| -- |
Vivamos a ciencia cierta -- |
| -- |
La mecánica persuasiva -- |
| -- |
La mecánica descriptiva -- |
| -- |
El arte de ser dominicanos -- |
| -- |
Creando, creemos; creyendo, creamos... -- |
| -- |
Juntos vivamos mejor -- |
| -- |
Proyecto 2.<br/>Una lengua viva: el español en República Dominicana -- |
| -- |
La mecánica del párrafo -- |
| -- |
La mecánica del comentario -- |
| -- |
Construyamos nuestro futuro trabajando -- |
| -- |
La Salud no es cosa de juego -- |
| -- |
El mundo cabe en tu corazón -- |
| 650 #4 - SUBJECT ADDED ENTRY--TOPICAL TERM |
| Topical term or geographic name as entry element |
ESPAÑOL |
| General subdivision |
ENSEÑANZA SECUNDARIA |
| 650 #4 - SUBJECT ADDED ENTRY--TOPICAL TERM |
| Topical term or geographic name as entry element |
ESPAÑOL |
| General subdivision |
EDUCACIÓN SECUNDARIA |
| 650 #4 - SUBJECT ADDED ENTRY--TOPICAL TERM |
| Topical term or geographic name as entry element |
EDUCACIÓN SECUNDARIA |
| Geographic subdivision |
REPÚBLICA DOMINICANA |
| 650 #4 - SUBJECT ADDED ENTRY--TOPICAL TERM |
| Topical term or geographic name as entry element |
ESPAÑOL |
| General subdivision |
ESTUDIOS Y EJERCICIOS |
| 650 #4 - SUBJECT ADDED ENTRY--TOPICAL TERM |
| Topical term or geographic name as entry element |
ESPAÑOL |
| General subdivision |
LIBROS DE TEXTOS |
| 650 #4 - SUBJECT ADDED ENTRY--TOPICAL TERM |
| Topical term or geographic name as entry element |
LITERATURA |
| General subdivision |
ENSEÑANZA SECUNDARIA |
| 650 #4 - SUBJECT ADDED ENTRY--TOPICAL TERM |
| Topical term or geographic name as entry element |
LITERATURA |
| General subdivision |
LIBROS DE TEXTOS |
| 650 #4 - SUBJECT ADDED ENTRY--TOPICAL TERM |
| Topical term or geographic name as entry element |
LITERATURA |
| General subdivision |
ESTUDIOS Y EJERCICIOS |
| 700 12 - ADDED ENTRY--PERSONAL NAME |
| Personal name |
García de Escobar, Obdulia, |
| Relator term |
ed. |
| 700 12 - ADDED ENTRY--PERSONAL NAME |
| Personal name |
Núñez, Ruddy, |
| Relator term |
il. |
| 830 #0 - SERIES ADDED ENTRY--UNIFORM TITLE |
| Uniform title |
Umbral |
| 910 ## - USER-OPTION DATA (OCLC) |
| User-option data |
Validado. Control de calidad MFF |
| 942 ## - ADDED ENTRY ELEMENTS (KOHA) |
| Source of classification or shelving scheme |
Dewey Decimal Classification |
| Koha item type |
Libros |
| 945 ## - LOCAL PROCESSING INFORMATION (OCLC) |
| a |
Inventariado, 2018 /LP |
| 956 ## - LOCAL ELECTRONIC LOCATION AND ACCESS (OCLC) |
| Host name |
JPARRA |
| Access number |
10 |
| Compression information |
20091123 |
| Logon |
BND01 |
| Processor of request |
1157 |
| 956 ## - LOCAL ELECTRONIC LOCATION AND ACCESS (OCLC) |
| Host name |
BTAVAREZ |
| Access number |
10 |
| Compression information |
20100817 |
| Logon |
BND01 |
| Processor of request |
1112 |
| 956 ## - LOCAL ELECTRONIC LOCATION AND ACCESS (OCLC) |
| Host name |
VMATEO |
| Access number |
10 |
| Compression information |
20150730 |
| Logon |
BPMSU |
| Processor of request |
00151 |
| 956 ## - LOCAL ELECTRONIC LOCATION AND ACCESS (OCLC) |
| Host name |
LOPEREZ |
| Access number |
10 |
| Compression information |
20160425 |
| Logon |
BPMSU |
| Processor of request |
00041 |